Os sete minutos (Record no. 46294)

MARC details
000 -Etiqueta do registo
Valores 00651cam a22002171 4500
100 ## - Dados gerais de processamento
Dados gerais 19920703d1973 m y0pory5003 ba
101 1# - Língua de publicação
Língua por
102 ## - País de publicação
País PT
200 1# - Titulo e menção de responsabilidade
Título próprio Os sete minutos
Primeira menção de responsabilidade Irving Wallace
Outras menções de responsabilidade trad. Anais Sampaio Marinho, Jorge Sampaio
205 ## - Menção da edição
Edição 2.ª ed.
210 #9 - Publicação
Local de publicação Lisboa
Nome do editor Livraria Clássica Editora
Data de publicação 1973
215 ## - Descrição física 
Paginação / Volumes 562, [1] p.
Dimensões 22 cm
304 ## - Nota relativa ao título
Texto de nota Tít. orig.: The seven minutes
675 ## - CDU
Notação 821.111(73)-31"19"
Edição BN
Língua por
700 #1 - Autor principal
Apelido Wallace,
Nome Irving,
Datas 1916-1990
702 #1 - Autor secundário
Apelido Marinho,
Nome Anais Sampaio
Função 730
702 #1 - Autor secundário
Apelido Marinho,
Nome Sampaio,
Datas 1929-1987
Função 730
801 #0 - Fonte de origem
País PT
Agência BN
Regras de catalogação RPC
990 ## - Elementos KOHA
Tipo de documento Livro
Holdings
Aquisição Empréstimo Código de barras Cota Permissão de empréstimo Tipo de documento Nota relativa ao exemplar
Biblioteca Municipal de Redondo Biblioteca Municipal de Redondo 057409 821.111(73)-3 WAL   Livro oferta de Franklim Amaro Cabreirinha [assinatura de posse de Céu Cabreirinha]

Powered by Koha